00661nam a2200169 a 450000100100000000500170001000800410002704000250006808200170009310000410011024500610015126000440021230000350025604900090029195201740030099900170047400003316720240307185845.0110818s1914 dr ac 000 0 spa d aDO-SdBNPbspacBNPHU axxxxxbD159m1 aDamirón, Rafael,d1882-195692728710aMonólogo de la locura :b(novela) /cRafael Damirón. aSanto Domingo :bMontalvo Hnos.,c1914. a156 p. :bil., retr. ;c18 cm. aBNPD 001050718RVaPDbPDcHDd2011-08-18iLF1l0oxxxxx D159mp33167-10r2020-06-25w2020-06-25y1zPerteneció a la biblioteca personal de Martínez Boog.ZNo se presta c32658d32658